Устройство контроля состояния водителя на основе алгоритмов компьютерного зрения; Информационные технологии в науке, управлении, социальной сфере и медицине; Ч. 1
| Parent link: | Информационные технологии в науке, управлении, социальной сфере и медицине: сборник научных трудов III Международной научной конференции, 23-26 мая 2016 г., Томск.— , 2016 Ч. 1.— 2016.— [С. 227-228] |
|---|---|
| Autor principal: | |
| Autor Corporativo: | |
| Otros Autores: | |
| Sumario: | Заглавие с титульного экрана The article describes a portable device which prevents drivers dormition using computer vision algorithms to avoid car accidents. Here presented software and hardware parts of device and corresponding solutions were examined. |
| Lenguaje: | ruso |
| Publicado: |
2016
|
| Colección: | Информационные системы и технологии |
| Materias: | |
| Acceso en línea: | http://earchive.tpu.ru/handle/11683/31590 |
| Formato: | MixedMaterials Electrónico Capítulo de libro |
| KOHA link: | https://koha.lib.tpu.ru/cgi-bin/koha/opac-detail.pl?biblionumber=619361 |
MARC
| LEADER | 00000naa2a2200000 4500 | ||
|---|---|---|---|
| 001 | 619361 | ||
| 005 | 20250506154139.0 | ||
| 035 | |a (RuTPU)RU\TPU\conf\17778 | ||
| 035 | |a RU\TPU\conf\17777 | ||
| 090 | |a 619361 | ||
| 100 | |a 20160818d2016 k y0rusy50 ca | ||
| 101 | 0 | |a rus | |
| 102 | |a RU | ||
| 105 | |a y z 101zy | ||
| 135 | |a drgn ---uucaa | ||
| 181 | 0 | |a i | |
| 182 | 0 | |a b | |
| 200 | 1 | |a Устройство контроля состояния водителя на основе алгоритмов компьютерного зрения |d Adaptively-robust oscillatory transient process stabilization by placing interval control system poles |f А. В. Цавнин, С. В. Замятин | |
| 203 | |a Текст |c электронный | ||
| 225 | 1 | |a Информационные системы и технологии | |
| 300 | |a Заглавие с титульного экрана | ||
| 320 | |a [Библиогр.: с. 228 (2 назв.)] | ||
| 330 | |a The article describes a portable device which prevents drivers dormition using computer vision algorithms to avoid car accidents. Here presented software and hardware parts of device and corresponding solutions were examined. | ||
| 461 | 1 | |0 (RuTPU)RU\TPU\conf\17281 |t Информационные технологии в науке, управлении, социальной сфере и медицине |o сборник научных трудов III Международной научной конференции, 23-26 мая 2016 г., Томск |o в 2 ч. |d 2016 | |
| 463 | 1 | |0 (RuTPU)RU\TPU\conf\17283 |t Ч. 1 |f Национальный исследовательский Томский политехнический университет (ТПУ) ; ред. кол. О. Г. Берестнева ; О. М. Гергет ; Т. А. Гладкова |v [С. 227-228] |d 2016 | |
| 510 | 1 | |a Adaptively-robust oscillatory transient process stabilization by placing interval control system poles |z eng | |
| 610 | 1 | |a труды учёных ТПУ | |
| 610 | 1 | |a электронные ресурсы | |
| 610 | 1 | |a компьютерное зрение | |
| 610 | 1 | |a безопасность | |
| 610 | 1 | |a дорожное движение | |
| 610 | 1 | |a автотранспортные средства | |
| 610 | 1 | |a дорожно-транспортные происшествия | |
| 700 | 1 | |a Цавнин |b А. В. |c специалист в области автоматического управления |c доцент Томского политехнического университета, кандидат технических наук |f 1993- |g Алексей Владимирович |3 (RuTPU)RU\TPU\pers\37088 |9 20098 | |
| 701 | 1 | |a Замятин |b С. В. |c специалист в области автоматического управления |c доцент Томского политехнического университета, кандидат технических наук |f 1982- |g Сергей Владимирович |3 (RuTPU)RU\TPU\pers\25391 | |
| 712 | 0 | 2 | |a Национальный исследовательский Томский политехнический университет (ТПУ) |b Институт кибернетики (ИК) |b Кафедра автоматики и компьютерных систем (АИКС) |3 (RuTPU)RU\TPU\col\18698 |
| 801 | 2 | |a RU |b 63413507 |c 20160912 |g RCR | |
| 850 | |a 63413507 | ||
| 856 | 4 | |u http://earchive.tpu.ru/handle/11683/31590 | |
| 942 | |c BK | ||